Los Bildungsromane femeninos de Carmen Boullosa y Sandra Cisneros : Mexicanidades, fronteras, puentes /

Bibliographic Details
Main Author: Melgar Pernías, Yolanda
Format: Book
Language:Spanish
Published: Woodbridge, Suffolk, UK ; Rochester, NY : Tamesis, 2012.
Series:Colección Támesis. Monografías ; 302.
Subjects:

MARC

Tag First Indicator Second Indicator Subfields
LEADER 00000cam a2200000 i 4500
001 in00002741069
005 20151202152111.0
008 110510s2012 enk b 001 0 spa c
020 |a 9781855662346 
020 |a 1855662345 
029 1 |a DEBBG  |b BV039783458 
029 1 |a NZ1  |b 14114249 
035 |a (OCoLC)ocn724651596 
035 |a (OCoLC)724651596 
040 |a BTCTA  |b eng  |e rda  |c BTCTA  |d YDXCP  |d CGU  |d BWX  |d IXA  |d UtOrBLW 
042 |a pcc 
049 |a TXAM 
050 4 |a PQ7298.12.O76  |b Z77 2012 
100 1 |a Melgar Pernías, Yolanda. 
245 1 4 |a Los Bildungsromane femeninos de Carmen Boullosa y Sandra Cisneros :  |b Mexicanidades, fronteras, puentes /  |c Yolanda Melgar Pernías. 
264 1 |a Woodbridge, Suffolk, UK ;  |a Rochester, NY :  |b Tamesis,  |c 2012. 
300 |a 260 pages ;  |c 24 cm. 
336 |a text  |b txt  |2 rdacontent 
337 |a unmediated  |b n  |2 rdamedia 
338 |a volume  |b nc  |2 rdacarrier 
490 1 |a Colección Támesis. Serie A, Monografías ;  |v 302 
504 |a Includes bibliographical references (pages [236]-255) and index. 
600 1 0 |a Boullosa, Carmen  |x Criticism and interpretation. 
600 1 0 |a Cisneros, Sandra  |x Criticism and interpretation. 
650 0 |a Women in literature. 
830 0 |a Colección Támesis.  |n Serie A,  |p Monografías ;  |v 302. 
938 |a Baker and Taylor  |b BTCP  |n BK0009821068 
938 |a YBP Library Services  |b YANK  |n 5559453 
938 |a Blackwell Book Service  |b BBUS  |n 5559453 
947 |a A14840560819 
945 |a PromptCat  |b 820814 
946 |a stk 
994 |a 92  |b TXA 
948 |a Cataloged  |b h  |c 2012/4/4  |d c  |e rsmith 
999 |a MARS 
999 f f |s 141b1e2c-e778-3015-b373-9c22ec0fb317  |i 9a1becbf-2c6d-3186-a485-df6e0b1390ad  |t 0 
952 f f |p normal  |a Texas A&M University  |b College Station  |c Sterling C. Evans Library  |d Evans: Library Stacks  |t 0  |e PQ7298.12.O76 Z77 2012  |h Library of Congress classification  |i unmediated -- volume  |m A14840560819 
998 f f |a PQ7298.12.O76 Z77 2012  |t 0  |l Evans: Library Stacks